| 000 | 00506cam a2200169 4500 | ||
|---|---|---|---|
| 001 | BUCI002130 | ||
| 008 | s1968 mx spa | ||
| 035 | _aBUCI002130 | ||
| 050 | 0 | 0 |
_aDD256 _bD56 1968 |
| 100 | 1 | _aDimitrov, Jorge | |
| 245 | 1 | 3 |
_aEl Incendio del Reichstag / _cJorge Dimitrov ; versión al español de Rafael Caceres C. |
| 260 |
_aMéxico : _bGrijalbo, _c1968 |
||
| 300 |
_a159 p. ; _c18 cm. |
||
| 440 | 0 |
_aColección 70 ; _vNo.31 |
|
| 700 | 1 | _aCaceres C., Rafael,tr. | |
| 942 |
_2lcc _cLIB |
||
| 999 |
_c78168 _d78168 |
||